[Event "I Sunway Sitges International Chess Fest"]
[Site "Sitges (Barcelona)"]
[Date "2014.12.21"]
[Round "9.14"]
[White "Valdes Romero, Leonardo"]
[Black "Aryan, Chopra"]
[Result "1-0"]
[WhiteElo "2402"]
[BlackElo "2337"]
[PlyCount "101"]
[EventDate "2014.12.14"]

1. Nf3 d5 2. g3 c6 3. Bg2 Bg4 4. O-O Nf6 5. d4 Nbd7 6. Nbd2 e6 7. Re1 Be7 8. c3
O-O 9. e4 dxe4 10. Nxe4 Nxe4 11. Rxe4 Nf6 12. Re1 c5 13. Qb3 cxd4 14. Nxd4 Rb8
15. h3 Bh5 16. Bf4 Rc8 17. Qxb7 Bd6 18. Nc6 Rxc6 19. Bxc6 Bxf4 20. gxf4 Nd5 21.
Bxd5 exd5 22. Qxa7 h6 23. Re5 Bf3 24. Qe3 Be4 25. Rxe4 dxe4 26. Qxe4 Re8 27.
Qd4 Qh4 28. Kg2 Re6 29. f5 Re4 30. Qd3 Qg5+ 31. Qg3 Qxf5 32. Rd1 Re2 33. b4
Rxa2 34. Rd8+ Kh7 35. Rd4 h5 36. h4 Ra6 37. Qd3 Rg6+ 38. Kf1 Qe6 39. Rd5 Qg4
40. Rd4 Qe6 41. c4 f5 42. Rd5 Qa6 43. Rxf5 Qa1+ 44. Ke2 Qa2+ 45. Kf3 Qa8+ 46.
Rd5 Kh6 47. Qe3+ Kh7 48. Qe4 Qf8+ 49. Rf5 Qd6 50. Rxh5+ Kg8 51. Qe8+ 1-0

[Event "I Sunway Sitges International Chess Fest"]
[Site "Sitges (Barcelona)"]
[Date "2014.12.21"]
[Round "9.15"]
[White "Kenani, Dariush"]
[Black "Navarro Gutierrez, Andres Cami"]
[Result "1-0"]
[WhiteElo "1990"]
[BlackElo "1940"]
[Annotator "FCE"]
[PlyCount "51"]
[EventDate "2014.12.14"]

1. e4 e5 2. Nc3 Nf6 3. f4 d6 4. Nf3 Nc6 5. Bb5 exf4 6. d4 a6 7. Bxc6+ bxc6 8.
Bxf4 Be7 9. O-O O-O 10. Kh1 Rb8 11. Rb1 Re8 12. Qd3 a5 13. b3 Nd7 14. Ne2 c5
15. c3 Bf6 16. Ng3 g6 17. Rbd1 Rb6 18. e5 Bg7 19. Bg5 f6 20. exf6 Bxf6 21. Bxf6
Qxf6 22. Ne4 Qg7 23. Nfg5 Ba6 24. c4 Re7 25. dxc5 dxc5 26. Qd5+ 1-0